Central Library OPAC University of Rajshahi

New problems in reading & writing .../ (Record no. 20901)

MARC details
000 -LEADER
fixed length control field 01016cam a22003011 4500
001 - CONTROL NUMBER
control field 20901
003 - CONTROL NUMBER IDENTIFIER
rucl marc code BD-RjUL
005 - DATE AND TIME OF LATEST TRANSACTION
control field 20211209000627.0
008 - FIXED-LENGTH DATA ELEMENTS--GENERAL INFORMATION
fixed length control field 140302t1953 nyua 000 0 eng
035 ## - SYSTEM CONTROL NUMBER
System control number (BD-RjUL)20963
System control number (OCoLC)1394381
040 ## - CATALOGING SOURCE
Original cataloging agency DLC
Transcribing agency FO
Modifying agency OCoLC
-- Uk
-- DLC
-- BD-RjUL
Language of cataloging eng
041 ## - LANGUAGE CODE
Language code of text/sound track or separate title eng
082 00 - DEWEY DECIMAL CLASSIFICATION NUMBER
Classification number 810.82
Author mark and year NEW 1953
245 10 - TITLE STATEMENT
Title New problems in reading & writing .../
Statement of responsibility, etc. compiled and edited by Henry W. Sams and Waldo F. McNeir.
250 ## - EDITION STATEMENT
Edition statement Rev. ed.
260 ## - PUBLICATION, DISTRIBUTION, ETC. (IMPRINT)
Place of publication, distribution, etc. New York :
Name of publisher, distributor, etc. Prentice-Hall,
Date of publication, distribution, etc. c1953.
300 ## - PHYSICAL DESCRIPTION
Pagination 512 p. :
Illustrations illus. ;
Size 23 cm.
490 0# - SERIES STATEMENT
Series statement Prentice-Hall series in English composition
500 ## - GENERAL NOTE
General note First ed. published in 1949 under title: Problems in reading & writing.
650 #0 - SUBJECT ADDED ENTRY--TOPICAL TERM
Topical term or geographic name as entry element American prose literature.
9 (RLIN) 64558
Topical term or geographic name as entry element English language
General subdivision Composition and exercises.
9 (RLIN) 25290
700 1# - ADDED ENTRY--PERSONAL NAME
Personal name Sams, Henry W,
Relator term joint ed.
Personal name McNeir, Waldo F.
942 ## - ADDED ENTRY ELEMENTS (KOHA)
Source of classification or shelving scheme Dewey Decimal Classification
Koha item type Books
Holdings
Lost status Source of classification or shelving scheme Damaged status Not for loan Collection code Permanent Location Current Location Shelving location Date acquired Source of acquisition Total Checkouts Full call number Date last seen Copy number Koha item type
  Dewey Decimal Classification   Added to bundle Fiction Central Library, University of Rajshahi Central Library, University of Rajshahi Reading Room 10/06/1965 Peace corfo America Rajshahi   810.82 NEW 1953 02/03/2014 C-1 Books